Culture Générale - Série 1318 - Statistiques

Statistiques générales
  • Ce quiz a été pris 77 fois
  • Le résultat moyen est 4 sur 10
Statistiques - réponses
Question Réponse % Correct
Dans quelle ville se trouve le siège du Conseil de l'Europe ? Strasbourg
81%
De quelle ville de Pologne Jean-Paul II était-il archevêque, avant d'être élu pape ? Cracovie
63%
Quelle personnalité religieuse reçoit le prix Nobel de la paix en 1979 ? Mère Teresa
49%
Que signifie l'expression : "jouer des mandibules"? manger
42%
Qui a composé en 1866 l'opérette intitulée "La Vie parisienne" ? Jacques Offenbach
36%
Dans quel département se tient chaque année le festival des Eurockéennes ? Territoire de Belfort
33%
Par quelle unité de mesure de la pression atmosphérique le millibar a-t-il été remplacé ? hectopascal
26%
Quel mot celtique désigne un profond estuaire de rivière en Bretagne ? aber
25%
En quelle année se sont ouvertes les halles de Rungis ? 1969
22%
Quelle femme a entretenu une liaison avec Victor Hugo pendant cinquante ans ? Juliette Drouet
14%
Aucun quiz correspondant
Distribution des résultats
% des personnes avec chaque résultat
Percentile par nombre de réponses
Votre historique - résultats
Vous n’avez pas pris ce quiz